000 00842nam a22002657a 4500
001 BR8702704
003 BR-BrBNA
005 20230928092526.0
007 ta
008 230509b bl.||||| |||| 00| 0 por d
040 _aBR-BrBNA
_bpor
_cBiblioteca Nacional de Agricultura
041 _a(Por)
072 _aN20
090 _ N20 BR8702704
100 1 _aSoares, M. da R.
110 1 _aComissao de Desenvolvimento do Vale do Jequitinhonha, Belo Horizonte, MG (Brasil)
_91974
245 1 _aProjeto para a aquisicao e operacao da patrulha mecanizada 1982
260 3 _aBelo Horizonte, MG (Brasil):
_c1982.
300 _a15 p.
500 _a(*) Documento disponível no(a) CODEVALE, Belo Horizonte, MG (Brazil)
650 _aMAQUINA AGRICOLA
650 _aMECANIZACAO AGRICOLA
909 _a202309
_bLucia
_c55
_dLucia Elande
942 _cBK
999 _c39599
_d39599